00858cam a22002531 4500001001300000003000400013005001700017008004100034010001700075035001800092040002000110041001300130050001800143082001200161100003000173245007000203260004700273300002700320490009300347505006500440650004600505700003600551999001700587ne 67000083 DLC20260227111828.0740220s1964 le 000 0 eng  ane 67000083  a(OCoLC)808830 aDLCcCtFaUdDLC0 aengaara00aPJ6830.B3bM3 a492.7791 aMcCarthy, Richard Joseph.10aSpoken Arabic of Baghdadc[by] R. J. McCarthy and Faraj Raffouli. aBeirut,bLibrairie orientale,c1964-<1965> av. <1-2, pt. 1>c23cm.0 aPublications of the Oriental Institute of al-Hikma University. Linguistic series ;v1-21 apt. 1. Grammar and exercises -- pt.2 (A). Anthology of texts 0aArabic languagexDialectszIraqzBaghdad.1 aRaffouli, Faraj,ejoint author. c49308d49308